书目信息 |
| 题名: |
建筑工程类型等级划分速查手册
|
|
| 作者: | 张魁英 , 李大维 主编 | |
| 分册: | ||
| 出版信息: | 北京 中国建筑工业出版社 2007.05 |
|
| 页数: | 234页 | |
| 开本: | 27cm | |
| 丛书名: | ||
| 单 册: | ||
| 中图分类: | TU-62 | |
| 科图分类: | ||
| 主题词: | 建筑工程--jian zhu gong cheng--类型--手册 , 建筑工程--jian zhu gong cheng--等级--手册 | |
| 电子资源: | ||
| ISBN: | 978-7-112-09197-3 | |
| 000 | 00951nam0 2200253 450 | |
| 001 | 012007667591 | |
| 005 | 20240508112456.45 | |
| 010 | @a978-7-112-09197-3@b精装@dCNY36.00 | |
| 100 | @a20070814d2007 km y0chiy0120 ea | |
| 101 | 0 | @achi |
| 102 | @aCN@b110000 | |
| 105 | @aa a 000yy | |
| 200 | 1 | @a建筑工程类型等级划分速查手册@Ajian zhu gong cheng lei xing deng ji hua fen su cha shou ce@f张魁英, 李大维主编@Fzhang kui ying,li da wei zhu bian |
| 210 | @a北京@c中国建筑工业出版社@d2007.05 | |
| 215 | @a234页@c图@d27cm | |
| 320 | @a有书目 (第230-234页)。 | |
| 330 | @a本书主要介绍了民用建筑类别、建筑规模类型、腐蚀性介质及腐蚀性等级、火灾危险性类别等内容。 | |
| 606 | 0 | @a建筑工程@Ajian zhu gong cheng@x类型@j手册 |
| 606 | 0 | @a建筑工程@Ajian zhu gong cheng@x等级@j手册 |
| 690 | @aTU-62@v4 | |
| 701 | 0 | @a张魁英@Azhang kui ying@4主编 |
| 701 | 0 | @a李大维@Ali da wei@4主编 |
| 801 | 0 | @aCN@b河南城建学院图书馆@c20070929 |
| 905 | @dTU-62@eZ138 | |
| 建筑工程类型等级划分速查手册/张魁英, 李大维主编.-北京:中国建筑工业出版社,2007.05 |
| 234页:图;27cm |
| ISBN 978-7-112-09197-3(精装):CNY36.00 |
| 本书主要介绍了民用建筑类别、建筑规模类型、腐蚀性介质及腐蚀性等级、火灾危险性类别等内容。 |
| ● |
| 相关链接 |
|
|
|
正题名:建筑工程类型等级划分速查手册
索取号:TU-62/Z138
 
预约/预借
| 序号 | 登录号 | 条形码 | 馆藏地/架位号 | 状态 | 备注 |
| 1 | 1307574 | 213075740 | 建筑库101/101建筑库 14排4列2层/ [索取号:TU-62/Z138] | 在馆 | |
| 2 | 1307575 | 213075759 | 建筑库101/101建筑库 14排4列2层/ [索取号:TU-62/Z138] | 在馆 | |
| 3 | 1307576 | 213075768 | 建筑库101/101建筑库 14排4列2层/ [索取号:TU-62/Z138] | 在馆 | |
| 4 | 1307577 | 213075777 | 建筑库101/101建筑库 14排4列2层/ [索取号:TU-62/Z138] | 在馆 | |
| 5 | 1307578 | 213075786 | 建筑库101/101建筑库 14排4列2层/ [索取号:TU-62/Z138] | 在馆 | |
| 6 | 1307579 | 213075795 | 建筑库101/101建筑库 14排4列2层/ [索取号:TU-62/Z138] | 在馆 | |
| 7 | 1551597 | 215515976 | 建筑库101/101建筑库 14排4列2层/ [索取号:TU-62/Z138] | 在馆 | |
| 8 | 1551598 | 215515985 | 建筑库101/101建筑库 14排4列2层/ [索取号:TU-62/Z138] | 在馆 | |
| 9 | 1551599 | 215515994 | 建筑库101/101建筑库 14排4列2层/ [索取号:TU-62/Z138] | 在馆 | |
| 10 | 1551600 | 215516001 | 建筑库101/101建筑库 14排4列2层/ [索取号:TU-62/Z138] | 在馆 | |
| 11 | 1551601 | 215516010 | 建筑库101/101建筑库 14排4列2层/ [索取号:TU-62/Z138] | 在馆 | |
| 12 | 1551602 | 215516029 | 建筑库101/101建筑库 14排4列2层/ [索取号:TU-62/Z138] | 在馆 | |
| 13 | 1551625 | 215516252 | 建筑库101/101建筑库 14排4列2层/ [索取号:TU-62/Z138] | 在馆 | |
| 14 | 1551626 | 215516261 | 建筑库101/101建筑库 14排4列2层/ [索取号:TU-62/Z138] | 在馆 | |
| 15 | 1551627 | 215516270 | 建筑库101/101建筑库 14排4列2层/ [索取号:TU-62/Z138] | 在馆 | |
| 16 | 1551628 | 215516289 | 建筑库101/101建筑库 14排4列2层/ [索取号:TU-62/Z138] | 在馆 | |
| 17 | 1551629 | 215516298 | 建筑库101/101建筑库 14排4列2层/ [索取号:TU-62/Z138] | 在馆 | |
| 18 | 1551630 | 215516305 | 建筑库101/101建筑库 14排4列2层/ [索取号:TU-62/Z138] | 在馆 | |
| 19 | 249348 | 202493480 | 建筑库101/101建筑库 14排4列2层/ [索取号:TU-62/Z138] | 在馆 | |
| 20 | 249349 | 202493499 | 建筑库101/101建筑库 14排4列2层/ [索取号:TU-62/Z138] | 在馆 | |
| 21 | 249350 | 202493505 | 建筑库101/101建筑库 14排4列2层/ [索取号:TU-62/Z138] | 在馆 |